| 000 | 00528nam a2200145Ia 4500 | ||
|---|---|---|---|
| 008 | 211122s9999||||xx |||||||||||||| ||und|| | ||
| 082 |
_a954.045 _bSHA-M |
||
| 100 | _aShah, Mihir | ||
| 245 | 0 | _aMgnrega Sameeksha:An Anthology of Research Studies on the Mahatma Gandhi National Rural Employment Guarantee Act, 2005 | |
| 260 |
_bOrient Blackswan _aNew Delhi _c2012 |
||
| 300 | _a109p. | ||
| 630 | _xPost Graduate Reference | ||
| 650 |
_a History & geography _v History of Asia; Far EastSouth Asia; IndiaEconomics |
||
| 942 | _cBOOK | ||
| 999 |
_c121471 _d121471 |
||